Missing Word: Weekend Songs Quiz Stats

 Plays Quiz Updated Dec 27, 2014

Challenge
Share
Tweet
Embed
Score 0/14 Timer 03:00
0 Plays Today
Song Missing Word % Correct
Sunday ____ SundayBloody
83.5%
Friday On My _____Mind
80.7%
Friday I'm In ____Love
75.6%
Saturday in the ____Park
68%
Saturday Night's Alright (for ____)Fighting
66.5%
____ Friday Night (T.G.I.F)Last
51.8%
Pleasant ____ SundayValley
50.3%
Song Missing Word % Correct
God ____ SaturdayBless
42.5%
____ Saturday NightAnother
32.9%
Saturday Night ____Special
23.9%
____ FridayBlack
16.9%
Sunday ____Girl
14.8%
____ Saturday NightAlmost
4.5%
Saturday ___Gigs
3.3%

Today's Daily Dose

You're not logged in!

Compare scores with friends on all Sporcle quizzes.
OR
Log In

You Might Also Like...

Show Comments

Extras

Top Quizzes Today


Score Distribution

Your Account Isn't Verified!

In order to create a playlist on Sporcle, you need to verify the email address you used during registration. Go to your Sporcle Settings to finish the process.

Report this User

Report this user for behavior that violates our Community Guidelines.

Details: